[Event "Druzynowe Mistrzostwa Polski Juniorow 2019 - II Liga"]
[Site "Szczyrk"]
[Date "1899-12-30"]
[Round "7.106"]
[White "Cwiek, Stefan"]
[Black "Karwot, Marek"]
[Result "1-0"]
[WhiteTitle "II"]
[BlackTitle "II"]
[WhiteElo "1315"]
[BlackElo "1107"]

1. e4 c5 2. c3 g6 3. d4 cxd4 4. cxd4 d5 5. e5 Nc6 6. Nc3 Bg7 7. Bb5 Nh6 8. Bxh6
Bxh6 9. Qa4 Qd7 10. Nge2 O-O 11. O-O e6 12. f4 Qc7 13. g4 Ne7 14. Rac1 Qd8 15.
Rf3 a6 16. Rh3 Bg7 17. Rf1 Kh8 18. Bd3 Bd7 19. Qd1 Rg8 20. Qe1 h6 21. g5 h5 22.
Qh4 Rc8 23. Ng3 Re8 24. Nxh5 gxh5 25. Qxh5+ Kg8 26. Qh7+ Kf8 27. Rff3 Ng8 28.
g6 fxg6 29. Qxg6 Re7 30. f5 exf5 31. Bxf5 Rf7 32. Bxd7 Qxd7 33. e6 Bxd4+ 34. Kh1
Rxf3 35. Rxf3+ Bf6 36. exd7 1-0

[Event "Druzynowe Mistrzostwa Polski Juniorow 2019 - II Liga"]
[Site "Szczyrk"]
[Date "1899-12-30"]
[Round "7.107"]
[White "Robakowska, Paulina"]
[Black "Zybrant, Sandra"]
[Result "1-0"]
[WhiteTitle "I"]
[BlackTitle "II"]
[WhiteElo "1291"]
[BlackElo "1000"]

1. d4 d5 2. c4 Bf5 3. Nf3 Bxb1 4. Rxb1 e6 5. g3 Nf6 6. Bg2 b6 7. Qa4+ Nbd7 8. Ne5
Be7 9. Bg5 O-O 10. Nxd7 Nxd7 11. Bxe7 Qxe7 12. cxd5 a5 13. d6 Qxd6 14. Bxa8 Rxa8
15. O-O Nf6 16. Rbc1 Rd8 17. Rfd1 g6 18. Qc6 Qxc6 19. Rxc6 Rd7 20. e3 Nd5 21.
a3 Ne7 22. Rc2 c5 23. Rcd2 cxd4 24. Rxd4 Rxd4 25. Rxd4 Nd5 26. e4 Nf6 27. f3 h5
28. h4 Kg7 29. Rd6 Kh6 30. Rxb6 g5 31. hxg5+ Kxg5 32. Rb5+ Kg6 33. Rxa5 Nh7 34.
b4 f5 35. exf5+ exf5 36. b5 Nf6 37. Ra6 Kg5 38. Rxf6 Kxf6 39. b6 Kg5 40. b7 f4
41. gxf4+ Kxf4 42. Kg2 Kg5 43. b8=Q Kg6 44. Qe5 h4 45. Kh3 Kh7 46. Kxh4 Kh6 47.
Qg5+ Kh7 48. Kg4 Kh8 49. Kf5 Kh7 50. Kf6 Kh8 51. Qg7# 1-0

[Event "Druzynowe Mistrzostwa Polski Juniorow 2019 - II Liga"]
[Site "Szczyrk"]
[Date "1899-12-30"]
[Round "7.108"]
[White "Mielnik, Zofia"]
[Black "Czerwinska, Oliwia"]
[Result "0-1"]
[WhiteTitle "IV"]
[BlackTitle "I"]
[WhiteElo "1000"]
[BlackElo "1345"]

1. e4 e5 2. Nf3 Nc6 3. Nc3 Nf6 4. Bc4 Bc5 5. Nxe5 Nxe5 6. d4 Bd6 7. Bf4 Nxc4 8.
g3 Bxf4 9. gxf4 Qe7 10. b3 Nb6 11. e5 d6 12. Qe2 Nfd5 13. Ne4 Bf5 14. Ng3 Bd7
15. c4 Nxf4 16. Qe3 Ng2+ 17. Kf1 Nxe3+ 18. fxe3 dxe5 19. dxe5 Qxe5 20. e4 Qxa1+
21. Kf2 Qxa2+ 22. Kf1 Qxb3 23. c5 Nc4 24. Kg1 Qc2 25. Nf1 Bh3 26. Ng3 Qg2# 0-1

[Event "Druzynowe Mistrzostwa Polski Juniorow 2019 - II Liga"]
[Site "Szczyrk"]
[Date "1899-12-30"]
[Round "7.109"]
[White "Michalowski, Patryk"]
[Black "Jaszczuk, Mateusz"]
[Result "1-0"]
[WhiteTitle "I"]
[BlackTitle "I"]
[WhiteElo "1674"]
[BlackElo "1508"]

1. e4 c5 2. Nf3 e6 3. d4 cxd4 4. Nxd4 a6 5. Nc3 Qc7 6. Bd3 Bb4 7. Bd2 Nf6 8. O-O
Nc6 9. Nde2 O-O 10. f4 d5 11. e5 Ng4 12. Qe1 Bc5+ 13. Kh1 f5 14. exf6 Nxf6 15.
a3 e5 16. fxe5 Nxe5 17. Qg3 Bd6 18. Rxf6 Rxf6 19. Nxd5 Qf7 20. Nxf6+ Qxf6 21.
Bc3 Nxd3 22. Qxd3 Qh6 23. Qd5+ Kh8 24. Be5 Be7 25. Qf7 Bg4 26. Qxe7 Bxe2 27. Re1
Bb5 28. h3 Bc6 29. Re3 Re8 30. Bxg7+ Qxg7 31. Qxe8+ Bxe8 32. Rxe8+ Qg8 33. Rxg8+
Kxg8 34. Kg1 1-0

[Event "Druzynowe Mistrzostwa Polski Juniorow 2019 - II Liga"]
[Site "Szczyrk"]
[Date "1899-12-30"]
[Round "7.110"]
[White "Guzik, Kacper"]
[Black "Twardowski, Jakub"]
[Result "1-0"]
[WhiteTitle "II"]
[BlackTitle "III"]
[WhiteElo "1350"]
[BlackElo "1000"]

1. e4 e5 2. Nf3 Nc6 3. Bb5 Bc5 4. O-O Nf6 5. Bxc6 dxc6 6. Nxe5 Qd4 7. Nf3 Qd8 8.
d4 Bb6 9. Bg5 Bg4 10. e5 h6 11. exf6 hxg5 12. fxg7 Rg8 13. Re1+ Kd7 14. Ne5+ Kc8
15. Qxg4+ Kb8 16. Nd7+ Kc8 17. Nf6+ Kb8 18. Nxg8 Qxg8 19. Qd7 a6 20. Re8+ Ka7
21. Rxg8 Rxg8 22. Qxf7 Ra8 23. g8=Q Rxg8 24. Qxg8 Bxd4 25. Nc3 b5 26. Rd1 Bc5
27. a3 1-0

[Event "Druzynowe Mistrzostwa Polski Juniorow 2019 - II Liga"]
[Site "Szczyrk"]
[Date "1899-12-30"]
[Round "7.111"]
[White "Paschke, Kajetan"]
[Black "Guzik, Michal"]
[Result "1-0"]
[WhiteTitle "III"]
[BlackTitle "II"]
[WhiteElo "1000"]
[BlackElo "1084"]

1. e4 c5 2. Nf3 e6 3. d4 cxd4 4. Nxd4 a6 5. Nc3 Qc7 6. Bd3 Bb4 7. Bd2 Nf6 8. a3
Bd6 9. h3 O-O 10. O-O Nc6 11. Nxc6 Qxc6 12. f4 b6 13. Kh1 Bb7 14. Qe2 Bc5 15.
Rf3 Qc7 16. Rg3 Kh8 17. Na4 Be7 18. e5 Nd5 19. c4 b5 20. cxd5 bxa4 21. d6 Bxd6
22. exd6 Qxd6 23. Bc3 Qxf4 24. Rxg7 f6 25. Rxh7+ Kg8 26. Qh5 1-0

[Event "Druzynowe Mistrzostwa Polski Juniorow 2019 - II Liga"]
[Site "Szczyrk"]
[Date "1899-12-30"]
[Round "7.112"]
[White "Mansz, Martyna"]
[Black "Kisiel, Dominik"]
[Result "0-1"]
[WhiteTitle "I"]
[BlackTitle "II"]
[WhiteElo "1091"]
[BlackElo "1061"]

1. e4 c5 2. d4 cxd4 3. c3 d3 4. Bxd3 d6 5. Nf3 Nf6 6. Be3 g6 7. O-O Bg7 8. Qd2
O-O 9. Na3 Nc6 10. Rad1 Bd7 11. Bh6 Rc8 12. Nh4 Ne5 13. Qc1 a6 14. h3 b5 15. b4
Nxd3 16. Rxd3 Nxe4 17. Bxg7 Kxg7 18. Qb2 Kg8 19. Kh2 Qc7 20. Nb1 Be6 21. Re3 d5+
22. Kg1 f5 23. Qe2 d4 24. cxd4 Bc4 25. Qb2 Bxf1 26. Kxf1 Qc1+ 27. Qxc1 Rxc1+ 28.
Re1 Rxb1 29. Rxb1 Nd2+ 30. Ke2 Nxb1 31. Nf3 Nc3+ 32. Kd2 Nxa2 33. Ne5 Nxb4 34.
Kc3 a5 0-1

[Event "Druzynowe Mistrzostwa Polski Juniorow 2019 - II Liga"]
[Site "Szczyrk"]
[Date "1899-12-30"]
[Round "7.113"]
[White "Kicinska, Magdalena"]
[Black "Wojtas, Emilia"]
[Result "1/2-1/2"]
[WhiteTitle "I"]
[BlackTitle "II"]
[WhiteElo "1012"]
[BlackElo "1088"]

1. d4 f5 2. Nf3 g6 3. c3 Bg7 4. Bf4 Nf6 5. Nbd2 d6 6. e3 O-O 7. Bc4+ Kh8 8. O-O
Nc6 9. Ng5 d5 10. Bb3 h6 11. Ngf3 Ne4 12. Qe2 g5 13. Be5 Nxe5 14. Nxe5 Qd6 15.
Nxe4 fxe4 16. Qh5 Kh7 17. f3 Bxe5 18. dxe5 Qxe5 19. fxe4 Rxf1+ 20. Rxf1 Be6 21.
exd5 Qxe3+ 22. Kh1 Rf8 23. Bc2+ Bf5 24. Rxf5 Qc1+ 25. Rf1+ Qxc2 26. Qd1 Rxf1+
27. Qxf1 Qxb2 28. Qf7+ Kh8 29. Qf8+ Kh7 30. Qxe7+ Kg6 31. Qe8+ Kg7 32. Qe7+ Kg6
33. Qe8+ Kg7 34. Qd7+ Kg6 35. Qe8+ Kg7 36. Qd7+ Kg6 37. Qe8+ Kg7 38. Qe7+ Kg6
39. Qe8+ Kg7 40. Qe7+ Kg6 41. Qe8+ Kg7 42. Qd7+ Kg6 43. Qe8+ 1/2-1/2

[Event "Druzynowe Mistrzostwa Polski Juniorow 2019 - II Liga"]
[Site "Szczyrk"]
[Date "1899-12-30"]
[Round "7.114"]
[White "Uliasz, Katarzyna"]
[Black "Kicinska, Anna"]
[Result "1-0"]
[WhiteTitle "I"]
[BlackTitle "I"]
[WhiteElo "1333"]
[BlackElo "1000"]

1. e4 c5 2. Nf3 d6 3. d4 cxd4 4. Nxd4 Nf6 5. Nc3 g6 6. Be3 Bg7 7. f3 O-O 8. Bc4
Bd7 9. Qd2 Nc6 10. O-O-O a5 11. h4 h5 12. a3 Rc8 13. Ba2 Nxd4 14. Bxd4 b5 15.
Nd5 Nxd5 16. exd5 Qc7 17. Bxg7 Kxg7 18. Qd4+ Kg8 19. Bb1 Rb8 20. g4 hxg4 21. h5
gxh5 22. Rxh5 f6 23. Qe4 Kf7 24. Rh7+ Ke8 25. Qxe7# 1-0

[Event "Druzynowe Mistrzostwa Polski Juniorow 2019 - II Liga"]
[Site "Szczyrk"]
[Date "1899-12-30"]
[Round "7.115"]
[White "Derylo, Kamil"]
[Black "Stachowicz, Hubert"]
[Result "1-0"]
[WhiteTitle "I+"]
[BlackTitle "III"]
[WhiteElo "2030"]
[BlackElo "1092"]

1. e4 d6 2. d4 Nf6 3. Nc3 c5 4. dxc5 dxc5 5. Qxd8+ Kxd8 6. Be3 b6 7. Nf3 Nbd7 8.
O-O-O Kc7 9. Ng5 Rg8 10. Nxf7 Ng4 11. Bf4+ e5 12. Bg3 g5 13. h3 Rg7 14. Bc4 Ngf6
15. Nxe5 Kb7 16. Ng4 Nxg4 17. Bd5+ Ka6 18. Bxa8 Ngf6 19. e5 Nh5 20. e6 Ndf6 21.
Rd8 1-0

[Event "Druzynowe Mistrzostwa Polski Juniorow 2019 - II Liga"]
[Site "Szczyrk"]
[Date "1899-12-30"]
[Round "7.116"]
[White "Bartlomowicz, Jakub"]
[Black "Derylo, Adam"]
[Result "1-0"]
[WhiteTitle "II+"]
[BlackTitle "I"]
[WhiteElo "1633"]
[BlackElo "1460"]

1. e4 c6 2. d4 d5 3. e5 c5 4. dxc5 e6 5. Be3 Nd7 6. Bb5 Ne7 7. c3 Nc6 8. Nf3 Bxc5
9. Bxc6 bxc6 10. Bxc5 Nxc5 11. O-O Ba6 12. Re1 Qb6 13. b4 Ne4 14. Qd4 c5 15. bxc5
Qxc5 16. Rxe4 Qb5 17. Re1 1-0

[Event "Druzynowe Mistrzostwa Polski Juniorow 2019 - II Liga"]
[Site "Szczyrk"]
[Date "1899-12-30"]
[Round "7.117"]
[White "Derylo, Maksymilian"]
[Black "Babiarz, Arkadiusz"]
[Result "0-1"]
[WhiteTitle "II"]
[BlackTitle "I++"]
[WhiteElo "1357"]
[BlackElo "1833"]

1. e4 c5 2. Nf3 e6 3. d4 cxd4 4. Nxd4 a6 5. Bd3 Bc5 6. Nb3 Ba7 7. Nc3 Ne7 8. Qe2
Nbc6 9. Be3 O-O 10. O-O d5 11. Bxa7 Rxa7 12. e5 Nb4 13. Rad1 Nxd3 14. cxd3 Ng6
15. d4 b6 16. f4 a5 17. Nb5 Ba6 18. a4 Qd7 19. Rc1 Bxb5 20. Qxb5 Qxb5 21. axb5
Ne7 22. g4 g6 23. Rc3 a4 24. Nd2 Ra5 25. b3 axb3 26. Rxb3 Rc8 27. Rbb1 Rc2 28.
Nf3 Kf8 29. Rf2 Rc3 30. Kf1 Ke8 31. Ke1 Rc4 32. Kd1 Raa4 33. Rd2 Rc3 34. Ne1 Kd7
35. Ke2 Ng8 36. Rd3 Rcc4 37. Ke3 Nh6 38. h3 Ra2 39. Nf3 Ng8 40. Rbb3 Raa4 41.
Ng5 h5 42. gxh5 Nh6 43. hxg6 fxg6 44. Rbc3 Nf5+ 45. Kd2 Ra2+ 46. Kc1 Rxc3+ 47.
Rxc3 Nxd4 48. Kb1 Ra5 49. Nf7 Rxb5+ 50. Ka2 Ne2 51. Rf3 Rb4 52. Nd6 Rxf4 53. Re3
Nd4 54. Rg3 Rf2+ 55. Kb1 Nf5 56. Rxg6 Nxd6 57. exd6 Kxd6 58. h4 Rh2 59. Rh6 d4
60. h5 Ke5 0-1

[Event "Druzynowe Mistrzostwa Polski Juniorow 2019 - II Liga"]
[Site "Szczyrk"]
[Date "1899-12-30"]
[Round "7.118"]
[White "Jemiola, Jeremi"]
[Black "Zhydachevskyy, Yulian"]
[Result "1/2-1/2"]
[WhiteTitle "III"]
[BlackTitle "II"]
[WhiteElo "1000"]
[BlackElo "1292"]

1. d4 Nf6 2. c4 e6 3. Nf3 Bb4+ 4. Bd2 Bxd2+ 5. Nbxd2 b6 6. e3 Ba6 7. Be2 O-O 8.
Qc2 d5 9. O-O-O dxc4 10. Bxc4 Bxc4 11. Nxc4 Qe7 12. h3 c5 13. g4 cxd4 14. Qb3
Nc6 15. Nxd4 Rfc8 16. Kb1 Ne4 17. Qc2 Nc5 18. h4 Nxd4 19. Rxd4 Nb7 20. Qb3 Rd8
21. Rxd8+ Rxd8 22. f4 Nc5 23. Qb4 Qb7 24. Rg1 Qe4+ 25. Ka1 Qf3 26. a3 Qf2 27.
Rh1 Qg2 28. Qe1 Qe4 29. Qf1 Nb3+ 30. Ka2 Nd2 31. Nxd2 Rxd2 32. Qc1 Rc2 33. Qb1
Qc4+ 34. Ka1 g6 35. h5 Rd2 36. Rc1 1/2-1/2

[Event "Druzynowe Mistrzostwa Polski Juniorow 2019 - II Liga"]
[Site "Szczyrk"]
[Date "1899-12-30"]
[Round "7.119"]
[White "Laszczuk, Zuzanna"]
[Black "Polak, Sylwia"]
[Result "1/2-1/2"]
[WhiteTitle "I"]
[BlackTitle "I+"]
[WhiteElo "1323"]
[BlackElo "1533"]

1. e4 c5 2. d3 e6 3. g3 a6 4. Bg2 Qc7 5. f4 d6 6. Nf3 Nd7 7. O-O b5 8. Be3 Bb7
9. Nbd2 Ngf6 10. h3 Be7 11. Qe1 O-O 12. g4 Nb6 13. g5 Nfd7 14. Qg3 d5 15. h4 c4
16. Rac1 Na4 17. Qg4 dxe4 18. dxe4 Bc5 19. Bxc5 Qxc5+ 20. Kh1 Rfe8 21. f5 exf5
22. exf5 Ne5 23. Nxe5 Bxg2+ 24. Qxg2 Qxe5 25. f6 Rad8 26. Nf3 Qe2 27. Rf2 Rd1+
28. Kh2 Qxf2 29. Qxf2 Rxc1 30. Qd2 Rb1 31. Ne5 Nc5 32. Qd6 Ne6 33. Qxa6 Rxb2 34.
Qb7 Rf8 35. Qe7 Rxc2+ 36. Kg3 Re2 37. Nd7 Ra8 38. fxg7 c3 39. Nf6+ Kxg7 40. Nh5+
Kg8 41. Nf6+ Kg7 42. Nh5+ Kg8 43. Nf6+ Kg7 44. Nh5+ Kg8 45. Qf6 c2 46. Qh6 1/2-1/2

[Event "Druzynowe Mistrzostwa Polski Juniorow 2019 - II Liga"]
[Site "Szczyrk"]
[Date "1899-12-30"]
[Round "7.120"]
[White "Krzanowska, Liliana"]
[Black "Majewska, Zuzanna"]
[Result "1-0"]
[WhiteTitle "I"]
[BlackTitle "II"]
[WhiteElo "1192"]
[BlackElo "1000"]

1. Nf3 Nf6 2. c4 d5 3. e3 e6 4. d4 Be7 5. Nc3 b6 6. Bd3 dxc4 7. Bxc4 Bb7 8. O-O
O-O 9. Re1 c5 10. a3 Qc7 11. d5 exd5 12. Nxd5 Nxd5 13. Bxd5 Rd8 14. e4 Bd6 15.
Qb3 Bxd5 16. exd5 Nd7 17. Qc3 Re8 18. Bd2 Ne5 19. g3 a5 20. Nxe5 Bxe5 21. Qb3
a4 22. Qc2 Red8 23. Bc3 Rxd5 24. Qe4 Qd7 25. Bxe5 Re8 26. Qf4 f6 27. Bc3 Rd8 28.
Kg2 Rh5 29. h4 Rf5 30. Qc4+ Kf8 31. Rad1 Qc6+ 32. Kg1 Rxd1 33. Rxd1 Qf3 34. Rd2
b5 35. Qxb5 g5 36. Rd8+ Kg7 37. Qd7+ Kg6 38. Rg8+ Kh5 39. Qxh7+ Kg4 40. Be1 Re5
41. Qd7+ Rf5 42. Qxa4+ Kh3 43. Qa8 Qe2 44. Qg2+ Kg4 45. Qf1 Qxb2 46. hxg5 Rxg5
47. Qc4+ Qd4 48. Qxd4+ cxd4 49. Rxg5+ fxg5 50. a4 Kf3 51. a5 d3 52. a6 Ke2 53.
Ba5 g4 54. a7 d2 55. Bxd2 Kf3 56. a8=Q+ Ke2 57. Qd5 Kd1 58. Bc3+ Kc2 59. Qd4 Kb3
60. Qxg4 Kxc3 61. f4 Kc4 62. f5+ Kd5 63. f6 Kd6 64. f7 1-0

[Event "Druzynowe Mistrzostwa Polski Juniorow 2019 - II Liga"]
[Site "Szczyrk"]
[Date "1899-12-30"]
[Round "8.1"]
[White "Pniaczek, Marek"]
[Black "Burdzicki, Jan"]
[Result "1-0"]
[WhiteTitle "CM"]
[BlackTitle "II+"]
[WhiteElo "2276"]
[BlackElo "1717"]

1. e4 e6 2. d4 d5 3. Nd2 Nc6 4. Ngf3 Nf6 5. e5 Nd7 6. Be2 f6 7. exf6 Qxf6 8. Nf1
Bd6 9. Ne3 O-O 10. O-O Qg6 11. c4 Nf6 12. c5 Be7 13. Bd2 a5 14. a3 Ne4 15. Be1
Bf6 16. b4 axb4 17. axb4 Rxa1 18. Qxa1 Ng5 19. Ne5 Bxe5 20. dxe5 Qe4 21. b5 Nxe5
22. Bc3 Ngf7 23. Bd4 Qf4 24. Kh1 Nd7 25. Bxg7 Re8 26. Bb2 Nxc5 27. Qc1 Nd7 28.
Rd1 Nde5 29. Kg1 c5 30. Nxd5 Qxc1 31. Nf6+ Kh8 32. Rxc1 Rd8 33. Ng4 Rd2 34. Nxe5
Rxb2 35. Nxf7+ Kg7 36. Nd6 Rxe2 37. Nxc8 Rb2 38. Nd6 b6 39. f3 Kf8 40. Ra1 Ke7
41. Nc8+ Kd8 42. Nxb6 Rxb5 43. Nc4 Rb4 44. Rc1 Kc7 45. Nd2 Kb6 46. Ne4 c4 47.
Kf2 Kb5 48. Ke3 Rb3+ 49. Rc3 Rb2 50. Nd2 e5 51. g4 h6 52. Nxc4 Rxh2 53. Nxe5 h5
54. gxh5 Rxh5 55. f4 Rh3+ 56. Kd4 Rh1 57. Rb3+ Ka4 58. Rb8 Rf1 59. Ke4 Re1+ 1-0

[Event "Druzynowe Mistrzostwa Polski Juniorow 2019 - II Liga"]
[Site "Szczyrk"]
[Date "1899-12-30"]
[Round "8.2"]
[White "Burdzicki, Stanislaw"]
[Black "Musial, Tomasz"]
[Result "1-0"]
[WhiteTitle "I"]
[BlackTitle "k"]
[WhiteElo "1660"]
[BlackElo "1856"]

1. d4 Nf6 2. c4 e6 3. Nf3 b6 4. g3 Bb4+ 5. Bd2 Be7 6. Nc3 Bb7 7. Bg2 c6 8. O-O
d5 9. cxd5 cxd5 10. a3 O-O 11. Bf4 Nc6 12. b4 Ne4 13. Rc1 Rc8 14. Qb3 g5 15. Be3
g4 16. Ne5 Nxc3 17. Rxc3 f5 18. Nxc6 Rxc6 19. Rfc1 Qa8 20. Bxd5 Rxc3 21. Bxe6+
Kg7 22. Rxc3 Rd8 23. Rc7 Kf6 24. Bg5+ Kxg5 25. Qe3+ Kg6 26. Rxe7 Be4 27. f3 gxf3
28. exf3 Kf6 29. Rxh7 Kxe6 30. Rh6+ Kd5 31. fxe4+ fxe4 32. Rh5+ Kc4 33. d5 Qc8
34. Qxe4+ Kb3 35. Qd3+ Ka4 36. Rh4 Qc1+ 37. Kg2 Rc8 38. b5+ Ka5 39. Qb3 Rc2+ 40.
Kh3 Qf1+ 41. Kg4 Rc4+ 42. Kg5 Rxh4 43. Kxh4 Qf6+ 44. Kh3 Qf1+ 45. Kg4 Qe2+ 46.
Kf4 Qd2+ 47. Kg4 Qe2+ 48. Kg5 Qe5+ 49. Kg6 Qe4+ 50. Kf6 Qd4+ 51. Kf5 Qf2+ 52.
Ke5 Qe3+ 53. Qxe3 1-0

[Event "Druzynowe Mistrzostwa Polski Juniorow 2019 - II Liga"]
[Site "Szczyrk"]
[Date "1899-12-30"]
[Round "8.3"]
[White "Kutowski, Marcel"]
[Black "Kaliszuk, Kamil"]
[Result "0-1"]
[WhiteTitle "I"]
[BlackTitle "I"]
[WhiteElo "1659"]
[BlackElo "1834"]

1. e4 e5 2. Nf3 Nc6 3. Bb5 a6 4. Ba4 Nf6 5. O-O b5 6. Bb3 Be7 7. d3 O-O 8. h3 d6
9. Be3 Na5 10. Nbd2 Nxb3 11. axb3 Bb7 12. Re1 c5 13. Nf1 Qc7 14. N3d2 d5 15. Qf3
d4 16. Bg5 Nxe4 17. Nxe4 Bxg5 18. Qg4 Be7 19. Nfg3 g6 20. Nf5 Kh8 21. Nxe7 Qxe7
22. Qe2 f5 23. Nd2 Rae8 24. f3 Rf6 25. Rac1 g5 26. c3 Qd8 27. cxd4 Qxd4+ 28. Qe3
Rc6 29. Qxd4 cxd4 30. Rxc6 Bxc6 31. b4 Bd5 32. Rc1 Kg7 33. Rc7+ Kg6 34. Rd7 Bf7
35. Ra7 Rc8 36. Rxa6+ Kg7 37. Rb6 Rc2 38. Nf1 Rxb2 39. Rxb5 Kf6 40. Rb6+ Be6 41.
g4 f4 42. b5 Ke7 43. Rb7+ Bd7 44. b6 Kd8 45. Rc7 Rxb6 46. Rc5 Rb5 47. Rc2 Rb1
48. Kf2 Bb5 49. Rd2 Kd7 50. Ke2 Kd6 51. Kf2 Rc1 52. Ke2 Kc5 53. Ra2 Rc3 54. Rd2
Kb4 55. Rb2+ Ka4 56. Rd2 Kb3 57. Rd1 Kb2 58. Rd2+ Kb3 59. Rd1 Ba6 60. Rd2 Rc1
61. Kf2 Kc3 62. Ra2 Rc2+ 63. Rxc2+ Kxc2 64. Ke1 Kxd3 65. Nd2 Bb7 66. Kd1 Bd5 67.
Ke1 Ke3 68. Kd1 Bxf3+ 69. Ke1 Bd5 70. Nf1+ Kf3 0-1

[Event "Druzynowe Mistrzostwa Polski Juniorow 2019 - II Liga"]
[Site "Szczyrk"]
[Date "1899-12-30"]
[Round "8.4"]
[White "Binek, Dawid"]
[Black "Wilk, Igor"]
[Result "0-1"]
[WhiteTitle "II"]
[BlackTitle "I"]
[WhiteElo "1322"]
[BlackElo "1689"]

1. d4 d5 2. c4 e6 3. Nc3 Be7 4. cxd5 exd5 5. Nf3 Nf6 6. Bg5 c6 7. e3 O-O 8. Bd3
Nbd7 9. Qc2 Re8 10. O-O Nf8 11. Rab1 g6 12. b4 Ne6 13. Bxf6 Bxf6 14. b5 c5 15.
dxc5 Nxc5 16. Ne2 Nxd3 17. Qxd3 Bf5 18. Qb3 Bxb1 19. Rxb1 Rc8 20. Ned4 Bxd4 21.
Nxd4 Rc4 22. h3 Qc7 23. b6 axb6 24. Qxb6 Rc1+ 0-1

[Event "Druzynowe Mistrzostwa Polski Juniorow 2019 - II Liga"]
[Site "Szczyrk"]
[Date "1899-12-30"]
[Round "8.5"]
[White "Pyzio, Amelia"]
[Black "Orlik, Sandra"]
[Result "0-1"]
[WhiteTitle "I++"]
[BlackTitle "I++"]
[WhiteElo "1616"]
[BlackElo "1805"]

1. e4 c5 2. Nf3 e6 3. d4 cxd4 4. Nxd4 Nf6 5. Nc3 Nc6 6. Nxc6 bxc6 7. e5 Nd5 8.
Ne4 Qc7 9. f4 Qb6 10. c4 Bb4+ 11. Bd2 Qe3+ 12. Qe2 Bxd2+ 13. Nxd2 Qxe2+ 14. Bxe2
Nxf4 15. Kf2 Rb8 16. b3 Ng6 17. Nf3 c5 18. Bd3 Bb7 19. Rhe1 Ke7 20. Rad1 f6 21.
h3 Bxf3 22. gxf3 Nxe5 23. Be4 g5 24. Re2 h6 25. Bc2 Rhg8 26. Rg1 Nc6 27. Rd2 Nd4
28. Re1 Nxc2 29. Rxc2 Rb6 30. Rd2 Rd6 31. Rxd6 Kxd6 32. Rd1+ Kc6 33. Ke3 d5 34.
Kd3 d4 35. Rh1 f5 36. Rg1 e5 37. Re1 Kd6 38. Rg1 Re8 39. Re1 h5 40. Rg1 e4+ 41.
fxe4 fxe4+ 42. Ke2 Rg8 43. Rg3 Ke5 44. a3 Kf4 45. Rg1 a5 46. Rg2 Rb8 0-1

[Event "Druzynowe Mistrzostwa Polski Juniorow 2019 - II Liga"]
[Site "Szczyrk"]
[Date "1899-12-30"]
[Round "8.6"]
[White "Bienek, Magdalena"]
[Black "Straczek, Wiktoria"]
[Result "0-1"]
[WhiteTitle "II"]
[BlackTitle "I"]
[WhiteElo "1104"]
[BlackElo "1316"]

1. c4 e5 2. Nc3 Nc6 3. g3 Nf6 4. Bg2 Bb4 5. Nd5 O-O 6. e3 Re8 7. Ne2 Bf8 8. O-O
g6 9. b3 Bg7 10. Bb2 d6 11. d4 Nxd5 12. cxd5 Nb8 13. Rc1 e4 14. Nf4 Nd7 15. Qc2
c5 16. dxc6 bxc6 17. Qxc6 Rb8 18. Qxd6 Rb7 19. Qc6 Qa5 20. Ra1 Rc7 21. Qd5 Qb6
22. Ba3 Rc6 23. Bxe4 Bb7 24. Qxd7 Rxe4 25. Qh3 Qa5 26. Bc5 Rxc5 27. dxc5 Bxa1
28. Rxa1 Qxc5 29. Qf1 Qc6 30. Rc1 Rc4 31. Nd5 Qxd5 0-1

[Event "Druzynowe Mistrzostwa Polski Juniorow 2019 - II Liga"]
[Site "Szczyrk"]
[Date "1899-12-30"]
[Round "8.7"]
[White "Krawczyk, Wojciech"]
[Black "Kawalko, Adam"]
[Result "1/2-1/2"]
[WhiteTitle "I"]
[BlackTitle "I+"]
[WhiteElo "1780"]
[BlackElo "1920"]

1. d4 Nf6 2. c4 e6 3. Nc3 Bb4 4. Bd2 O-O 5. Nf3 b6 6. a3 Bxc3 7. Bxc3 Ba6 8. e3
d5 9. b3 Nbd7 10. Be2 c5 11. cxd5 Bxe2 12. Qxe2 Nxd5 13. Bb2 cxd4 14. Bxd4 Rc8
15. O-O Re8 16. Qb2 f6 17. b4 Kh8 18. Qb3 Qc7 19. Rfd1 Nf8 20. h3 Qc2 21. Qxc2
Rxc2 22. Rac1 Rec8 23. Rxc2 Rxc2 24. Rd2 Rxd2 25. Nxd2 e5 26. Bb2 Kg8 27. g3 Ne6
28. Kf1 Kf7 29. Ke2 b5 30. e4 Nb6 31. Kd3 a6 32. h4 Ke7 33. Ke3 Nd8 34. f4 exf4+
35. gxf4 Nb7 36. Bd4 Nd7 37. Bb2 Nb6 38. h5 1/2-1/2

[Event "Druzynowe Mistrzostwa Polski Juniorow 2019 - II Liga"]
[Site "Szczyrk"]
[Date "1899-12-30"]
[Round "8.8"]
[White "Madajczak, Jakub"]
[Black "Wrona, Florian"]
[Result "1/2-1/2"]
[WhiteTitle "I"]
[BlackTitle "I"]
[WhiteElo "1631"]
[BlackElo "1567"]

1. e4 e5 2. Nf3 Nc6 3. Bb5 a6 4. Ba4 b5 5. Bb3 Bc5 6. O-O Nf6 7. Re1 d6 8. h3 O-O
9. c3 Be6 10. Bc2 Ne7 11. d4 exd4 12. cxd4 Bb6 13. Bg5 Ng6 14. Nbd2 h6 15. Be3
Re8 16. d5 Bxe3 17. Rxe3 Bd7 18. Nd4 Nf4 19. Nf1 N6h5 20. Ng3 Qg5 21. Nf3 Qf6
22. Nxh5 Nxh5 23. Qd4 Qg6 24. Ne1 Nf4 25. Kh2 Re5 26. Qd2 Rg5 27. Rg3 Qf6 28.
Rxg5 hxg5 29. Bd1 Qh6 30. f3 Kh7 31. Nd3 Rh8 32. Nxf4 gxf4 33. Bc2 g6 1/2-1/2

[Event "Druzynowe Mistrzostwa Polski Juniorow 2019 - II Liga"]
[Site "Szczyrk"]
[Date "1899-12-30"]
[Round "8.9"]
[White "Knapik, Kamil"]
[Black "Grot, Blazej"]
[Result "1-0"]
[WhiteTitle "II+"]
[BlackTitle "CM"]
[WhiteElo "1583"]
[BlackElo "1611"]

1. d4 Nf6 2. Nf3 d5 3. c4 e6 4. Nc3 c6 5. Bf4 Nbd7 6. c5 h6 7. h3 g5 8. Bh2 Bg7
9. b4 O-O 10. e3 Re8 11. Bd3 b6 12. O-O Nh7 13. Qc2 f5 14. Nd2 Bb7 15. Nb3 Qf6
16. Rac1 h5 17. g4 hxg4 18. hxg4 Rf8 19. f3 a5 20. a3 a4 21. Nd2 Rf7 22. Ne2 Nhf8
23. Bd6 Ng6 24. Rf2 Nh4 25. Rcf1 e5 26. Bxf5 Nxf5 27. gxf5 Qxf5 28. Qxf5 Rxf5
29. dxe5 Nxe5 30. Nd4 Rf7 31. Rg2 Ba6 32. Rd1 bxc5 33. bxc5 Nc4 34. Nxc4 Bxc4
35. Rxg5 Kh7 36. Kf2 Bh6 37. Rh1 Rf6 38. Bf4 Rh8 39. Be5 Rhf8 40. Bxf6 Rxf6 41.
Nf5 Rxf5 42. Rxf5 Kg6 43. Rxh6+ Kxf5 44. Rxc6 Ke5 45. Rd6 Bb3 46. f4+ Ke4 47.
c6 Kd3 48. c7 Kc2 49. c8=Q+ Kb2 50. Qc5 Ka2 51. Qc1 d4 52. Rxd4 Bg8 53. Rb4 Bb3
54. Rb6 1-0

[Event "Druzynowe Mistrzostwa Polski Juniorow 2019 - II Liga"]
[Site "Szczyrk"]
[Date "1899-12-30"]
[Round "8.10"]
[White "Karp, Kacper"]
[Black "Szlosarczyk, Hubert"]
[Result "1/2-1/2"]
[WhiteTitle "I"]
[BlackTitle "I"]
[WhiteElo "1601"]
[BlackElo "1549"]

1. e4 e6 2. d4 d5 3. Nc3 Bb4 4. e5 c5 5. Bd2 cxd4 6. Nb5 Be7 7. Qg4 g6 8. Nxd4
Nc6 9. Ngf3 Nxd4 10. Nxd4 a6 11. O-O-O Qc7 12. f4 Bd7 13. Bd3 O-O-O 14. Kb1 h5
15. Qf3 Bc5 16. Nb3 Bb6 17. Rc1 Bc6 18. Qe2 Kb8 19. Bb4 Ka7 20. c4 Qd7 21. Bd6
Nh6 22. Nc5 Bxc5 23. Bxc5+ b6 24. Bf2 d4 25. Rhd1 Qb7 26. Qc2 Bxg2 27. c5 Bf3
28. c6 Qc7 29. Rd2 Ng4 30. Bxa6 Qxc6 31. Bd3 Qxc2+ 32. Rdxc2 Nxf2 33. Rxf2 Bb7
1/2-1/2

[Event "Druzynowe Mistrzostwa Polski Juniorow 2019 - II Liga"]
[Site "Szczyrk"]
[Date "1899-12-30"]
[Round "8.11"]
[White "Czarnecka, Lidia"]
[Black "Krzyzosiak, Marta"]
[Result "0-1"]
[WhiteTitle "I++"]
[BlackTitle "I++"]
[WhiteElo "1731"]
[BlackElo "1631"]

1. e4 c5 2. Nf3 d6 3. d4 cxd4 4. Nxd4 Nf6 5. Nc3 a6 6. Bg5 e6 7. f4 h6 8. Bh4 Qb6
9. Qd2 Qxb2 10. Rb1 Qa3 11. e5 dxe5 12. fxe5 g5 13. exf6 gxh4 14. Be2 Nd7 15.
O-O Qc5 16. Kh1 Qg5 17. Qxg5 hxg5 18. Bf3 Bc5 19. Nce2 Rh6 20. Bxb7 Bxb7 21. Rxb7
Rxf6 22. Rd1 Ra7 23. Rxa7 Bxa7 24. Nf3 Rf5 25. Nc3 Nf6 26. h3 Bc5 27. Rb1 Be3
28. Rb8+ Ke7 29. Nd1 Bf4 30. Rb7+ Kf8 31. Nf2 Rb5 32. Rxb5 axb5 33. Nd3 Be3 34.
Kh2 Ne4 35. Nfe5 Nc3 36. a3 Nb1 37. c4 Nxa3 38. cxb5 Nxb5 39. g3 hxg3+ 40. Kxg3
Kg7 41. Kf3 Bd2 42. Nc4 Bc3 43. Nc5 Bd4 44. Ne4 f6 45. Na5 Nc3 46. Nd2 f5 47.
Nc6 Bf6 48. Nc4 Nb5 49. Kg3 Kg6 50. Kf2 Kh5 51. Kg3 Nd4 52. Nb4 Ne2+ 53. Kf3 Nd4+
54. Kg2 Kh4 55. Nd3 Ne2 56. Nd2 Nf4+ 57. Nxf4 gxf4 58. Nf3+ Kh5 59. Ne1 e5 60.
Kf3 Bg5 61. Nc2 Kh4 62. Kg2 Bf6 63. Nb4 e4 64. Nd5 f3+ 65. Kf1 Be5 66. Ne7 Kxh3
67. Nxf5 Bg3 68. Nd4 Kg4 69. Ne6 e3 70. Nd4 Kf4 0-1